Inseln, die mit San, Santa, St. etc. beginnen - Statistiken

Allgemein
  • Dieses Quiz wurde 21 mal gespielt
  • Das Durchschnittsergebnis liegt bei 4 aus 11
Antwortstatistiken
Hinweise Antwort % Korrekt
Bildet zusammen mit Príncipe den zweitkleinsten Staat Afrikas. São Tomé
89%
Die Insel mit Drehorten von "Fluch der Karibik" bildet gemeinsam mit zwei Dritteln der Grenadinen einen Staat. St. Vincent
78%
Die abgelegene Atlantikinsel wurde von den Briten als Verbannungsort genutzt, nicht nur für Napoleon Bonaparte, sondern u.a. für einen Zulu-König und einen Sultan von Sansibar. St. Helena
72%
Die Karibikinsel, die von 1664 bis 1803 vierzehnmal den Besitzer wechselte (immer zwischen Frankreich und dem Vereinigten Königreich), hat von allen Staaten der Welt die höchste Nobelpreisträgerdichte. St. Lucia
61%
Unweit der französisch-niederländischen Landesgrenze fliegen am Maho Beach die Flugzeuge knapp über den Köpfen der Touristen hinweg. St. Martin / Saint-Martin / Sint Maarten
39%
Zusammen mit Miquelon behält Frankreich Kanada im Blick. Saint-Pierre
22%
Dies ist vermutlich die Insel, auf der am 12.10.1492 Christoph Kolumbus erstmals den Boden der Neuen Welt betrat. Der Name stammt ebenfalls von ihm. San Salvador
11%
Auf der größten Azoreninsel kann man den Terra-Nostra-Park besichtigen, der zu den schönsten Parks der Welt gehört. São Miguel
6%
Die drei größten Inseln der Amerikanischen Jungferninseln, 1917 von Dänemark an die USA verkauft, haben einen heiligen Namen. Saint Croix, Saint John und Saint Thomas
0%
Auf der 35 km vor Los Angeles liegenden Insel mit dem Touristenort Avalon startete Ronald Reagan seine Schauspiel- und Marilyn Monroe ihre Model-Karriere. Santa Catalina
0%
Die größte der Kapverdischen Inseln hat eine reiche Fauna und Flora mit ca. 300 endemischen Arten. Santiago
0%
Keine übereinstimmenden Quizze gefunden
Verteilung der Resultate
Anzahl Personen mit jedem Resultat
Perzentil nach korrekt beantworteten Fragen
Ihre Resultats-Entwicklung
Sie haben dieses Quiz noch nicht gespielt